[Event "Milan Crespi op-B 34th"]
[Site "Milan"]
[Date "2013.12.08"]
[Round "6"]
[White "D'Apa, Massimo"]
[Black "Paletta, Giuseppe"]
[Result "1/2-1/2"]
[WhiteElo "1724"]
[BlackElo "1705"]
[PlyCount "65"]
[EventDate "2013.12.04"]
[EventType "swiss"]
[EventRounds "7"]
[EventCountry "ITA"]
[SourceTitle "EXT 2015"]
[Source "ChessBase"]
[SourceDate "2014.11.20"]
[SourceVersion "1"]
[SourceVersionDate "2014.11.20"]
[SourceQuality "1"]

1. e4 c5 2. c3 d5 3. e5 Nc6 4. d4 c4 5. Be2 Bf5 6. Bg5 h6 7. Bh4 Qc7 8. Bh5 e6 9. Nd2 g6 10. Be2 g5 11. Bg3 Bg6 12. f4 Nge7 13. fxg5 hxg5 14. h4 Nf5 15. Bf2 gxh4 16. Nh3 Ng3 17. Bxg3 hxg3 18. 0-0 0-0-0 19. Qe1 Bh6 20. Nf4 Bxf4 21. Rxf4 Rh2 22. Qxg3 Rdh8 23. Rff1 Qd8 24. Nf3 R2h5 25. Kf2 Ne7 26. Ke1 Nf5 27. Qf2 Rh1 28. Kd2 R1h6 29. b4 Qf8 30. Rg1 Qg7 31. Rae1 R6h7 32. Kc1 Qh6+ 33. Kb2 1/2-1/2

[Event "Milan Crespi op-B 34th"]
[Site "Milan"]
[Date "2013.12.07"]
[Round "5"]
[White "Pollio, Ciro"]
[Black "D'Apa, Massimo"]
[Result "0-1"]
[WhiteElo "1764"]
[BlackElo "1724"]
[PlyCount "64"]
[EventDate "2013.12.04"]
[EventType "swiss"]
[EventRounds "7"]
[EventCountry "ITA"]
[SourceTitle "EXT 2015"]
[Source "ChessBase"]
[SourceDate "2014.11.20"]
[SourceVersion "1"]
[SourceVersionDate "2014.11.20"]
[SourceQuality "1"]

1. d4 Nf6 2. c4 d6 3. Nc3 g6 4. e4 Bg7 5. f3 0-0 6. Be3 Nbd7 7. Bd3 e5 8. d5 a6 9. Nge2 Nh5 10. 0-0 f5 11. exf5 gxf5 12. Bxf5 Rxf5 13. g4 Rf7 14. gxh5 Qh4 15. Ne4 Nf6 16. Bg5 Qxh5 17. N2g3 Qg6 18. Bxf6 Bxf6 19. Kh1 Kh8 20. Qd2 Bh3 21. Rg1 Raf8 22. Rae1 Bh4 23. Re3 Rxf3 24. Rxf3 Rxf3 25. Qe2 Bg4 26. Qg2 Rf4 27. Nd2 Bxg3 28. hxg3 Qh5+ 29. Qh2 Qxh2+ 30. Kxh2 Rd4 31. Rg2 e4 32. b3 e3 0-1

[Event "Milan Crespi op-B 34th"]
[Site "Milan"]
[Date "2013.12.05"]
[Round "2"]
[White "Manca, Renato"]
[Black "D'Apa, Massimo"]
[Result "0-1"]
[WhiteElo "1629"]
[BlackElo "1724"]
[PlyCount "90"]
[EventDate "2013.12.04"]
[EventType "swiss"]
[EventRounds "7"]
[EventCountry "ITA"]
[SourceTitle "EXT 2015"]
[Source "ChessBase"]
[SourceDate "2014.11.20"]
[SourceVersion "1"]
[SourceVersionDate "2014.11.20"]
[SourceQuality "1"]

1. d4 Nf6 2. Nc3 d6 3. e4 g6 4. f4 Bg7 5. Nf3 0-0 6. Bd3 Nbd7 7. 0-0 c5 8. e5 Ne8 9. Ng5 cxd4 10. Nce4 dxe5 11. fxe5 Nxe5 12. Be2 f5 13. Nc5 Qb6 14. Nd3 Nxd3 15. Bxd3 h6 16. Nf3 Nd6 17. Nh4 Ne4 18. Kh1 Bd7 19. Bc4+ Kh7 20. Nf3 Bb5 21. Bxb5 Qxb5 22. Bf4 e5 23. Bg3 Nxg3+ 24. hxg3 Rad8 25. a4 Qd5 26. Ra3 e4 27. Ne1 Qd6 28. Kh2 f4 29. gxf4 Rxf4 30. Rxf4 Qxf4+ 31. g3 Qf2+ 32. Ng2 Rd5 33. g4 h5 34. Rh3 Kg8 35. gxh5 Rxh5 36. Rxh5 gxh5 37. Qxh5 Qf7 38. Qc5 e3 39. Qc8+ Qf8 40. Qe6+ Kh8 41. Qh3+ Bh6 42. Nxe3 dxe3 43. Qh5 Kh7 44. b4 Qf2+ 45. Kh3 e2 0-1

[Event "Ceriano Laghetto op-B 17th"]
[Site "Ceriano Laghetto"]
[Date "2008.03.29"]
[Round "3"]
[White "D'Apa, Massimo"]
[Black "Basilico, Davide"]
[Result "1-0"]
[WhiteElo "1809"]
[BlackElo "1698"]
[PlyCount "48"]
[EventDate "2008.03.28"]
[EventType "swiss"]
[EventRounds "5"]
[EventCountry "ITA"]
[SourceTitle "EXT 2011"]
[Source "ChessBase"]
[SourceDate "2010.11.26"]
[SourceVersion "1"]
[SourceVersionDate "2010.11.26"]
[SourceQuality "1"]

1. e4 e5 2. f4 exf4 3. Nf3 d5 4. exd5 Qxd5 5. Be2 Nf6 6. 0-0 Bc5+ 7. d4 Bb6 8. Bxf4 Nc6 9. c3 Bf5 10. Nbd2 Ne7 11. Bc4 Qd8 12. Ng5 Bg6 13. Be5 Ned5 14. Bxf6 gxf6 15. Re1+ Ne7 16. Nge4 Bxd4+ 17. cxd4 Qxd4+ 18. Kh1 Rd8 19. Qa4+ c6 20. Nf3 Qb6 21. Nxf6+ Kf8 22. Ne5 Qf2 23. Ned7+ Rxd7 24. Nxd7+ Ke8 1-0

[Event "Crema op 09th"]
[Site "Crema"]
[Date "2007.09.09"]
[Round "5"]
[White "D'Apa, Massimo"]
[Black "Santandrea, Marco"]
[Result "0-1"]
[WhiteElo "1521"]
[BlackElo "1837"]
[PlyCount "80"]
[EventDate "2007.09.07"]
[EventType "swiss"]
[EventRounds "6"]
[EventCountry "ITA"]
[SourceTitle "EXT 2009"]
[Source "ChessBase"]
[SourceDate "2008.11.26"]
[SourceVersion "1"]
[SourceVersionDate "2008.11.26"]
[SourceQuality "1"]

1. e4 c6 2. d4 d5 3. exd5 cxd5 4. c4 Nf6 5. Nc3 Nc6 6. Nf3 e6 7. cxd5 exd5 8. Bb5 Bd7 9. Be3 Bb4 10. 0-0 0-0 11. a3 Bxc3 12. bxc3 Rc8 13. Rc1 Bg4 14. Bg5 h6 15. Bh4 Qd6 16. Qd3 Bh5 17. Bxc6 Rxc6 18. Ne5 Ra6 19. Ra1 Nd7 20. f4 Nxe5 21. fxe5 Qc6 22. Qg3 Qg6 23. Qe3 Qc6 24. Qh3 Qe6 25. Qxe6 Rxe6 26. Rab1 b6 27. Rb5 Be2 28. Rxd5 Bxf1 29. Kxf1 g5 30. Bg3 f6 31. Kg1 fxe5 32. Bxe5 Rc6 33. Rd7 Rf7 34. Rd8+ Kh7 35. d5 Rc4 36. d6 Re4 37. Bg3 Re3 38. d7 Rd3 39. h3 Rfxd7 40. Re8 Rxg3 0-1

[Event "Bresso op 6th"]
[Site "Bresso"]
[Date "2007.06.15"]
[Round "2"]
[White "D'Apa, Massimo"]
[Black "Taglione, Giuseppe"]
[Result "1-0"]
[WhiteElo "1488"]
[BlackElo "1403"]
[PlyCount "45"]
[EventDate "2007.06.14"]
[EventType "swiss"]
[EventRounds "6"]
[EventCountry "ITA"]
[SourceTitle "EXT 2010"]
[Source "ChessBase"]
[SourceDate "2010.11.25"]
[SourceVersion "1"]
[SourceVersionDate "2010.11.25"]
[SourceQuality "1"]

1. e4 e5 2. f4 d6 3. Nf3 Bg4 4. Bc4 Nf6 5. Nc3 c5 6. 0-0 Be7 7. fxe5 dxe5 8. d3 Nc6 9. Be3 0-0 10. Qe1 Bxf3 11. Rxf3 b6 12. Rf1 Nd4 13. Bxd4 cxd4 14. Nd5 Qd7 15. Nxf6+ Bxf6 16. Qg3 Rac8 17. Rxf6 b5 18. Bb3 a5 19. a4 b4 20. Raf1 Rc7 21. R6f5 g6 22. Rxe5 Kg7 23. Rd5 1-0

[Event "Lombardia-ch"]
[Site "Monza"]
[Date "2005.05.21"]
[Round "4"]
[White "Pisani, Gennaro"]
[Black "D'Apa, Massimo"]
[Result "0-1"]
[WhiteElo "1526"]
[BlackElo "1341"]
[PlyCount "51"]
[EventDate "2005.05.14"]
[EventType "swiss"]
[EventRounds "6"]
[EventCountry "ITA"]
[SourceTitle "EXT 2007"]
[Source "ChessBase"]
[SourceDate "2006.11.23"]
[SourceVersion "1"]
[SourceVersionDate "2006.11.23"]
[SourceQuality "1"]

1. e4 c5 2. Nf3 Nc6 3. d4 cxd4 4. Nxd4 e6 5. Nxc6 bxc6 6. Be2 d6 7. 0-0 Nf6 8. Nc3 Be7 9. Bf4 e5 10. Be3 0-0 11. Qd2 Bb7 12. f4 Qc7 13. Rad1 Rad8 14. Qe1 d5 15. fxe5 Qxe5 16. Bd4 Qe6 17. e5 Nd7 18. Bxa7 c5 19. Bf3 Nxe5 20. Qe2 Ba6 21. Nb5 Nxf3+ 22. Qxf3 Bxb5 23. Rde1 Qd7 24. Bb6 Rb8 25. Bxc5 Bxc5+ 26. Kh1 0-1

[Event "Lombardia-ch"]
[Site "Monza"]
[Date "2005.05.15"]
[Round "2"]
[White "Cattaneo, Dario"]
[Black "D'Apa, Massimo"]
[Result "1-0"]
[WhiteElo "1556"]
[BlackElo "1341"]
[PlyCount "75"]
[EventDate "2005.05.14"]
[EventType "swiss"]
[EventRounds "6"]
[EventCountry "ITA"]
[SourceTitle "EXT 2007"]
[Source "ChessBase"]
[SourceDate "2006.11.23"]
[SourceVersion "1"]
[SourceVersionDate "2006.11.23"]
[SourceQuality "1"]

1. d4 g6 2. Nf3 Bg7 3. c4 d6 4. Nc3 Nf6 5. e4 0-0 6. Be2 Nbd7 7. 0-0 e5 8. d5 Nc5 9. Qc2 c6 10. b4 Ncd7 11. dxc6 bxc6 12. Be3 Bb7 13. Rad1 Qe7 14. Qd2 Ne8 15. a4 a6 16. a5 Ndf6 17. h3 Rd8 18. Bg5 Nc7 19. Qc2 d5 20. cxd5 cxd5 21. exd5 Ncxd5 22. Nxd5 Bxd5 23. Qc5 Qb7 24. Qb6 Qxb6 25. axb6 h6 26. Be3 e4 27. Ne5 Rfe8 28. Ng4 Nxg4 29. hxg4 Bc6 30. Bxa6 Rb8 31. Rd6 Bb7 32. Bxb7 Rxb7 33. Rfd1 Be5 34. Rd8 Rxd8 35. Rxd8+ Kg7 36. f4 Bf6 37. Rc8 Bc3 38. Rxc3 1-0